ბათუმის შოთა რუსთაველის სახელმწიფო უნივერსიტეტის ბიბლიოთეკა

მენეჯმენტი :ქეისები, ტრენინგები, საქმიანი თამაშები : (ბიბ.ჩანაწერი № 54774)

000 -ლიდერი
ფიქსირებული სიგრძის საკონტროლო ველი 01927nam a2200289Ia 4500
001 - საკონტროლო ნომერი
საკონტროლო ველი 21842
003 - საკონტროლო ნომრის იდენტიფიკატორი
საკონტროლო ველი GE_BSU
005 - ბოლო ოპერაციის თარიღი და დრო
საკონტროლო ველი 20220607161815.0
008 - ფიქსირებული სიგრძის მონაცემთა ელემენტები - ზოგადი ინფორმაცია
ფიქსირებული სიგრძის საკონტროლო ველი 181216s ||||ge |||||||||||||| ||geo||
020 ## - წიგნის საერთაშორისო სტანდარტული ნომერი
International Standard Book Number 9789941955013
040 ## - კატალოგიზაციის წყარო
Transcribing agency GE_BSU
041 ## - ენის კოდი
Language code of text/sound track or separate title geo
080 ## - უნივერსალური ათობითი კლასიფიკაციის ინდექსი
Universal Decimal Classification number 005+378 მ-56
245 ## - ცნობა სათაურის შესახებ
Title მენეჯმენტი :ქეისები, ტრენინგები, საქმიანი თამაშები :
Remainder of title დამხმ. სახელმძღვ. /
Statement of responsibility, etc შემდგ. : პარმენ ხვედელიძე, ბადრი გეჩბაია, ქეთევან გოლეთიანი ; რედ. ნინო ფარესაშვილი.
264 ## - წარმოების, გამოცემის, დისტრიბუციის და სხვა ცნობები
გამოცემის, წარმოების, დისტრიბუციის... ადგილი თბილისი :
გამოცემის, წარმოების, დისტრიბუციის... სახელწოდება კალმასონი,
გამოცემის, წარმოების, დისტრიბუციის... თარიღი 2018.
300 ## - ფიზიკური აღწერა
Extent 273 გვ. :
Other physical details ცხრ. ;
Dimensions 20 სმ.
500 ## - ზოგადი შენიშვნა
General note წიგნი განკუთვნილია უმაღლესი სასწავლებლის სტუდენტებისათვის, მასწავლებელთათვის, მმართველი კადრების მომზადების პროგრამის მსმენელთათვის, აგრეთვე მარკეტოლოგებისათვის, მენეჯერებისა და ეკონომისტებისათვის
653 ## - INDEX TERM--UNCONTROLLED
Uncontrolled term განათლება
653 ## - INDEX TERM--UNCONTROLLED
Uncontrolled term მენეჯმენტი
653 ## - INDEX TERM--UNCONTROLLED
Uncontrolled term ქეისები
653 ## - INDEX TERM--UNCONTROLLED
Uncontrolled term ტრენინგები
653 ## - INDEX TERM--UNCONTROLLED
Uncontrolled term საქმიანი თამაშები
700 ## - ADDED ENTRY--PERSONAL NAME
Personal name ფარესაშვილი, ნინო
Relator term რედაქტორი
9 (RLIN) 7228
710 ## - ADDED ENTRY--CORPORATE NAME
Corporate name or jurisdiction name as entry element ბათუმის ნავიგაციის სასწავლო უნივერსიტეტი
9 (RLIN) 11463
942 ## - ADDED ENTRY ELEMENTS (KOHA)
Koha item type წიგნი
Source of classification or shelving scheme
ეგზემპლარები
ჩამოწერის სტატუსი დაკარგული ეგზემპლარის სტატუსი კლასიფიკაციის წყარო ან თაროზე გაწყობის სქემა დაზიანების სტატუსი არ გაიცემა მუდმივი მდებარეობა (დაცვის ადგილი) ამჟამინდელი ადგილსამყოფელი თაროზე განთავსების ადგილი შეძენის თარიღი ღირებულება, შესყიდვის ნორმალური ფასი სრული შენახვის შიფრი შტრიხკოდი ბოლო ოპერაციის თარიღი ეგზემპლარის მიმდევრობითი ნომერი (კეტერი?) ფასის ძალაში შესვლის თარიღი ეგზემპლარის სახეობა საჯარო შენიშვნა ადგილმდებარეობის კოდირებული მსაზღვრელი
          ბათუმის შოთა რუსთაველის სახელმწიფო უნივერსიტეტის მთავარი ბიბლიოთეკა ბათუმის შოთა რუსთაველის სახელმწიფო უნივერსიტეტის მთავარი ბიბლიოთეკა წიგნსაცავი 2018-12-17 5.00 005+378 მ-56 56352 2018-12-17 56352 2018-12-17 წიგნი 5.00 ₾.  
          ბათუმის შოთა რუსთაველის სახელმწიფო უნივერსიტეტის მთავარი ბიბლიოთეკა ბათუმის შოთა რუსთაველის სახელმწიფო უნივერსიტეტის მთავარი ბიბლიოთეკა წიგნსაცავი 2018-12-17   005+378 მ-56 56351 2018-12-17 56351 2018-12-17 წიგნი 5.00 ₾. 5.00 ₾.
          ბათუმის შოთა რუსთაველის სახელმწიფო უნივერსიტეტის მთავარი ბიბლიოთეკა ბათუმის შოთა რუსთაველის სახელმწიფო უნივერსიტეტის მთავარი ბიბლიოთეკა წიგნსაცავი 2018-12-17 5.00 005+378 მ-56 56353 2018-12-17 56353 2018-12-17 წიგნი 5.00 ₾.